Wird geladen...

Precambrian

Bibliographische Detailangaben
1. Verfasser: Rankama, Kalervo
Sprache:English
Schriftenreihe:Geologic systems
Schlagworte:
LEADER 00338nam a2200157 a 4500
005 20151028162106.0
008 960221s1955 dcuabcdjdbkoqu001 0deng d
003 ViArRB
082 |a 551.71 
100 |a Rankama, Kalervo  |9 3747 
245 |a Precambrian 
490 |a Geologic systems 
653 |a   
942 |c BK  |6 _ 
942 |c BK 
999 |c 74895  |d 74895